000 00919nam a2200265Ia 4500
001 22001
005 20260320113333.0
008 260320s9999||||xx |||||||||||||| ||und||
020 _a9788433027375
041 _aESP
082 _a616.89152
_bM86
100 _aMoreno Fernández, Alicia,
_eEDT
245 0 _aManual de terapia sistémica :
_bprincipios y herramientas de intervención
246 _a
_5
_b
250 _aSegunda edición
260 _aBilbao :
_bDesclée de Brouwer,
_c2015
300 _a597 páginas :
_b
_c21 cm.
_e
440 _a(Biblioteca de psicología)
_n
_v
650 _aTCA
653 _aTerapia sistémica (Terapia familiar); Psicoterapia familiar
654 _aCPS
700 _a
_c
856 _uhttps://0u20vmuvj-y-https-ebookcentral-proquest-com.itmsp.museknowledge.com/lib/catolicasp/home.action
_zVéase además: Base de datos ProQuest Ebook Central
942 _cLIB
_dJUS
_fMAT
_2ddc
_n
999 _c22001
_d22001